| 000 | 00346nam a2200145Ia 4500 | ||
|---|---|---|---|
| 005 | 20251222151342.0 | ||
| 008 | 251222s9999||||xx |||||||||||||| ||spa|| | ||
| 020 | _a97860715152819 | ||
| 082 | _a536.7/C46/2015 | ||
| 100 | _aCengel, A Yunus | ||
| 245 | 0 | _aTermodinámica | |
| 250 | _a8va. ed. | ||
| 264 | _bMc GrawHill Educación | ||
| 942 | _cLIB | ||
| 999 |
_c24536 _d24536 |
||